[Event "A test for fast phill"]
[Site "SchemingMind.com"]
[Date "2012.06.21"]
[Round "-"]
[White "emvarela"]
[Black "michalis"]
[Result "0-1"]
[WhiteCountry "ARG"]
[BlackCountry "GRE"]
[WhiteElo "1743"]
[WhiteRD "46"]
[BlackElo "2062"]
[BlackRD "100"]
[GameID "312526"]

1. e4 c5 2. Nf3 d6 3. d4 cxd4 4. Nxd4 Nf6 5. Nc3 a6 6. Be3 e6 7. f3 b5 8. Qd2 Nbd7 9. g4 h6 10. O-O-O Bb7
11. h4 b4 12. Na4 Qa5 13. b3 Nc5 14. Nxc5 dxc5 15. Ne2 Qxa2
0-1

[Event "A test for fast phill"]
[Site "SchemingMind.com"]
[Date "2012.06.21"]
[Round "-"]
[White "Phillip Beckett"]
[Black "michalis"]
[Result "0-1"]
[WhiteCountry "ENG"]
[BlackCountry "GRE"]
[WhiteElo "1640"]
[WhiteRD "50"]
[BlackElo "2036"]
[BlackRD "101"]
[GameID "312527"]

1. e4 c5 2. Nf3 d6 3. d4 cxd4 4. Nxd4 Nf6 5. Nc3 a6 6. Bg5 e6 7. f4 Be7 8. Qf3 Qc7 9. O-O-O Nbd7 10. g4 b5
11. Bxf6 Nxf6 12. g5 Nd7 13. Bh3 b4 14. Na4 Nc5 15. Nxc5 dxc5 16. Nb3 Bb7 17. f5 Bxg5+ 18. Kb1 e5 19. Rhg1 Bf6 20. Nd2 O-O
21. Nc4 a5 22. Bg2 a4 23. Qh5 b3 24. cxb3 axb3 25. a3 Ra4 26. Nd6 Ba6 27. Bf3 c4 28. Qh6 c3 29. Qxf6 c2+ 30. Kc1 cxd1=Q+
31. Kxd1 Qc2+ 32. Ke1 Qc1+
0-1

[Event "A test for fast phill"]
[Site "SchemingMind.com"]
[Date "2012.06.20"]
[Round "-"]
[White "kibic"]
[Black "michalis"]
[Result "1-0"]
[WhiteCountry "INT"]
[BlackCountry "GRE"]
[WhiteElo "2111"]
[WhiteRD "76"]
[BlackElo "2036"]
[BlackRD "101"]
[GameID "312528"]

1. d4 Nf6 2. c4 g6 3. Nf3 Bg7 4. Nc3 d5 5. Bg5 Ne4 6. Bf4 Nxc3 7. bxc3 c5 8. e3 O-O 9. cxd5 Qxd5 10. Qb3 Be6
11. c4 Qd8 12. Rd1 Qa5+ 13. Rd2 Nd7 14. Be2 Nb6 15. O-O cxd4 16. exd4 Rac8 17. d5 Bg4 18. Rc1 Rfd8 19. h3 Bxf3 20. Bxf3 e6
21. Rdd1 exd5 22. cxd5 Rxc1 23. Bxc1 Qa4 24. d6 Qxb3 25. axb3 Be5 26. Ba3 Rd7 27. g3 f5 28. Be2 f4 29. Kg2 Kg7 30. Bg4 Rd8
31. d7 Kf6 32. gxf4 Bxf4 33. Re1
1-0

[Event "A test for fast phill"]
[Site "SchemingMind.com"]
[Date "2012.06.25"]
[Round "-"]
[White "kubinet"]
[Black "michalis"]
[Result "0-1"]
[WhiteCountry "GER"]
[BlackCountry "GRE"]
[WhiteElo "1690"]
[WhiteRD "58"]
[BlackElo "2083"]
[BlackRD "99"]
[GameID "312530"]

1. e4 c5 2. Nf3 d6 3. Bb5+ Nc6 4. Bxc6+ bxc6 5. O-O e5 6. c3 f5 7. Re1 fxe4 8. Rxe4 Nf6 9. Re1 Be7 10. d4 cxd4
11. cxd4 e4 12. Nfd2 d5 13. Nc3 O-O 14. f3 Qc7 15. fxe4 Ng4 16. e5 Nf2 17. Qe2 Bg4 18. Qe3 Bh4 19. g3 Nh3+ 20. Kg2 Bg5
21. Qd3 Rf2+ 22. Kh1 Qf7 23. Nd1 Bxd2
0-1

[Event "A test for fast phill"]
[Site "SchemingMind.com"]
[Date "2012.06.21"]
[Round "-"]
[White "lennart"]
[Black "Marc Wakeham"]
[Result "0-1"]
[WhiteCountry "SWE"]
[BlackCountry "WLS"]
[WhiteElo "1501"]
[WhiteRD "53"]
[BlackElo "1605"]
[BlackRD "68"]
[GameID "312546"]

1. e4 d6 2. Nc3 Nf6 3. Nf3 g6 4. Bd3 Bg7 5. h3 O-O 6. O-O c5 7. Re1 Nfd7 8. Nd5 Ne5 9. Nxe5 Bxe5 10. Bc4 Nc6
11. c3 Na5 12. Be2 Be6 13. Ne3 Nc6 14. a3 Na5 15. c4 a6 16. Qa4 Nc6 17. Rb1 Bd7 18. Qd1 Nd4 19. Bf1 Bc6 20. d3 e6
21. Ng4 Bg7 22. b4 Qc8 23. bxc5 dxc5 24. e5 Qd8 25. Bh6 b6 26. Nf6+ Kh8 27. Bxg7+ Kxg7 28. a4 Rb8 29. h4 Nf5 30. h5 Nh6
31. Re3 Ng8 32. Rg3 Nxf6 33. exf6+ Qxf6 34. Rg4 h6 35. d4 g5 36. Bd3 Qe7 37. Qc2 f5 38. Rg3 Qf6 39. d5 f4 40. Rh3 exd5
41. Qd1 Bd7 42. Rh1 g4 43. cxd5 Bf5 44. Rb3 Bxd3 45. Qxg4+ Qg5 46. Qxg5+ hxg5 47. Rxd3 Kh6 48. f3 Rbd8 49. Kf2 Rd6 50. g3 Rf5
51. Rb1 fxg3+ 52. Kxg3 Kxh5 53. Rh1+ Kg6 54. Rh8 Rfxd5 55. Re3 Rd4 56. Re5 Rxa4 57. Rg8+ Kf7 58. Rgxg5 Kf6
0-1

[Event "A test for fast phill"]
[Site "SchemingMind.com"]
[Date "2012.06.21"]
[Round "-"]
[White "lennart"]
[Black "echecs"]
[Result "0-1"]
[WhiteCountry "SWE"]
[BlackCountry "ENG"]
[WhiteElo "1501"]
[WhiteRD "53"]
[BlackElo "1853"]
[BlackRD "63"]
[GameID "312547"]

1. e4 e5 2. Nf3 Nc6 3. h3 Nf6 4. Nc3 Bb4 5. Ne2 Nxe4 6. c3 Bc5 7. d4 exd4 8. Qd3 Nxf2 9. Kxf2 dxc3+ 10. Be3 cxb2
11. Rb1 Be7 12. Rxb2 O-O 13. g3 Bf6 14. Rc2 Nb4 15. Qb3 Nxc2 16. Qxc2 c6 17. a4 d5 18. h4 Bg4 19. Nh2 Be6 20. Nf4 a6
21. h5 h6 22. Bd3 d4 23. Bd2 Rc8 24. Kg2 c5 25. Nxe6 fxe6 26. Qc4 Qd5+ 27. Qxd5 exd5 28. Nf3 c4 29. Bb1 d3 30. Rc1 c3
31. Be3 Rfe8 32. Kf2 d2 33. Nxd2 cxd2 34. Rd1 Rc1
0-1

[Event "A test for fast phill"]
[Site "SchemingMind.com"]
[Date "2012.06.22"]
[Round "-"]
[White "lennart"]
[Black "Apatchenlama"]
[Result "0-1"]
[WhiteCountry "SWE"]
[BlackCountry "GER"]
[WhiteElo "1511"]
[WhiteRD "56"]
[BlackElo "1909"]
[BlackRD "100"]
[GameID "312548"]

1. e4 e6 2. Nc3 d5 3. exd5 exd5 4. d4 c6 5. Nf3 Bd6 6. Bd3 Ne7 7. h3 O-O 8. a3 Bf5 9. Bxf5 Nxf5 10. Qd3 Re8+
11. Ne2 Qe7 12. Be3 Nxe3 13. fxe3 Qxe3 14. Qxe3 Rxe3 15. O-O-O Rxe2 16. g4 Bf4+ 17. Kb1 Nd7 18. Rhf1 Rae8 19. Ng1 Rg2 20. Rxf4 Nf6
21. Nf3 Ree2 22. Rc1 Rgf2 23. Rf5 Ne4 24. Ka2 g6 25. Re5 Rxf3
0-1

[Event "A test for fast phill"]
[Site "SchemingMind.com"]
[Date "2012.06.23"]
[Round "-"]
[White "lennart"]
[Black "emvarela"]
[Result "0-1"]
[WhiteCountry "SWE"]
[BlackCountry "ARG"]
[WhiteElo "1511"]
[WhiteRD "56"]
[BlackElo "1743"]
[BlackRD "46"]
[GameID "312549"]

1. e4 e5 2. Nf3 Nc6 3. Nc3 Nf6 4. Bc4 Nxe4 5. Nxe4 d5 6. Bxd5 Qxd5 7. d3 Bg4 8. h3 Bh5 9. g4 Bg6 10. Nc3 Bb4
11. Be3 Bxc3+ 12. bxc3 e4 13. Nh4 exd3 14. Nf3 O-O-O 15. O-O dxc2 16. Qe2 Bd3
0-1

[Event "A test for fast phill"]
[Site "SchemingMind.com"]
[Date "2012.06.21"]
[Round "-"]
[White "lennart"]
[Black "Phillip Beckett"]
[Result "0-1"]
[WhiteCountry "SWE"]
[BlackCountry "ENG"]
[WhiteElo "1501"]
[WhiteRD "53"]
[BlackElo "1640"]
[BlackRD "50"]
[GameID "312550"]

1. e4 e5 2. Nf3 Nc6 3. Nc3 Nf6 4. h3 Bc5 5. a3 d6 6. Bc4 O-O 7. d3 h6 8. O-O Nd4 9. Nd2 Be6 10. Bxe6 Nxe6
11. b4 Bd4 12. Bb2 Nf4 13. Rb1 Qd7 14. Nf3 Bb6 15. Ne2 Nxh3+ 16. Kh1 Nxf2+ 17. Rxf2 Bxf2 18. d4 Qg4 19. Neg1 Qh5+ 20. Nh3 Ng4
21. Qe2 Bg3 22. Rf1 Kh8 23. Bc3 Kh7 24. Be1 Bxe1 25. Qxe1 f5 26. d5 f4 27. c3 Ne3 28. Rf2 Rf6 29. Re2 g5
0-1

[Event "A test for fast phill"]
[Site "SchemingMind.com"]
[Date "2012.06.21"]
[Round "-"]
[White "lennart"]
[Black "michalis"]
[Result "0-1"]
[WhiteCountry "SWE"]
[BlackCountry "GRE"]
[WhiteElo "1501"]
[WhiteRD "53"]
[BlackElo "2036"]
[BlackRD "101"]
[GameID "312551"]

1. e4 c5 2. Nc3 Nc6 3. Nf3 d6 4. a3 Nf6 5. h3 g6 6. Bc4 Bg7 7. O-O O-O 8. d3 a6 9. d4 cxd4 10. Nxd4 Nxd4
11. Qxd4 b5 12. Ba2 Bb7 13. e5 dxe5 14. Qxd8 Rfxd8 15. Be3 Rac8 16. b4 Rxc3 17. Bb3 Be4 18. Rfc1 Rxe3 19. fxe3 Rd2 20. Kf1 Rxg2
21. Ke1 Nh5
0-1

[Event "A test for fast phill"]
[Site "SchemingMind.com"]
[Date "2012.06.21"]
[Round "-"]
[White "lennart"]
[Black "kibic"]
[Result "0-1"]
[WhiteCountry "SWE"]
[BlackCountry "INT"]
[WhiteElo "1558"]
[WhiteRD "54"]
[BlackElo "2069"]
[BlackRD "88"]
[GameID "312552"]

1. e4 e5 2. Nf3 Nc6 3. h3 Bc5 4. c3 d5 5. exd5 Qxd5 6. b3 e4 7. Ng1 Ne5 8. d4 exd3 9. Nd2 Nf6 10. f3 O-O
11. Ne2 Re8 12. c4 dxe2
0-1

[Event "A test for fast phill"]
[Site "SchemingMind.com"]
[Date "2012.06.26"]
[Round "-"]
[White "lennart"]
[Black "kubinet"]
[Result "0-1"]
[WhiteCountry "SWE"]
[BlackCountry "GER"]
[WhiteElo "1471"]
[WhiteRD "55"]
[BlackElo "1679"]
[BlackRD "61"]
[GameID "312554"]

1. e4 c5 2. Nf3 e6 3. Nc3 Nc6 4. Bd3 a6 5. O-O b5 6. a3 Be7 7. b3 d5 8. exd5 exd5 9. Re1 Nf6 10. Ne2 O-O
11. c3 Bg4 12. Nf4 Bd6 13. g3 Qd7 14. Bxh7+ Nxh7 15. Nxd5 Rab8 16. d3 Ne5 17. Rxe5 Bxe5 18. Ne3 Bxc3 19. Ra2 Ng5 20. Nxg4 Qxg4
21. Bxg5 f6 22. Bd2 Bd4 23. b4 cxb4 24. Bxb4 Rfe8 25. Qb3+ Kh8 26. Nh4 Rb7 27. Ng2 Rc7 28. Qb1 Re2 29. Nf4 Rxa2 30. Qxa2 Qf5
31. Qe2 Be5 32. Be1 Bxf4 33. gxf4 Qxf4 34. f3 Rc8 35. Kh1 Qe5 36. Qd2 Re8 37. Bg3 Qe2 38. Qxe2 Rxe2
0-1

[Event "A test for fast phill"]
[Site "SchemingMind.com"]
[Date "2012.06.22"]
[Round "-"]
[White "Marc Wakeham"]
[Black "lennart"]
[Result "0-1"]
[WhiteCountry "WLS"]
[BlackCountry "SWE"]
[WhiteElo "1605"]
[WhiteRD "68"]
[BlackElo "1501"]
[BlackRD "53"]
[GameID "312555"]

1. e4 e5 2. Nf3 d6 3. d4 exd4 4. Nxd4 Nf6 5. Nc3 a6 6. Bd3 Bg4 7. Qd2 Qe7 8. O-O Qe5 9. Nb3 Nbd7 10. f4 Qe6
11. Nd4 Qe7 12. Qf2 Nc5 13. Bd2 Nxd3 14. cxd3 Qd7 15. e5 dxe5 16. fxe5 Nd5 17. Nb3 b6 18. Nxd5 Qxd5 19. Kh1 a5 20. Bg5 h6
21. Bh4 c5 22. Rae1 Ra7 23. Qe3 g5 24. Bg3 Be7 25. Rf2 O-O 26. Ref1 a4 27. Nc1 Be6 28. Qe2 b5 29. a3 c4 30. dxc4 bxc4
31. Qf3 Qc5 32. Ne2 Rd7 33. Nc3 Rd3 34. Qb7 Kg7 35. Nxa4 Qxf2 36. Bxf2 Bd8 37. Nc5 Bd5 38. Qa7 Rd2 39. Na4 Re8 40. Re1 Re7
41. Qe3 Rd3 42. Qc5 Be6 43. Nc3 Rc7 44. Qa5 Rb7 45. Na4 Bxa5 46. Nc5 Bxe1
0-1

[Event "A test for fast phill"]
[Site "SchemingMind.com"]
[Date "2012.06.21"]
[Round "-"]
[White "echecs"]
[Black "lennart"]
[Result "1-0"]
[WhiteCountry "ENG"]
[BlackCountry "SWE"]
[WhiteElo "1853"]
[WhiteRD "63"]
[BlackElo "1501"]
[BlackRD "53"]
[GameID "312556"]

1. e4 e5 2. Nf3 Nc6 3. Bc4 h6 4. d4 exd4 5. Nxd4 Ne5 6. Bb3 c6 7. Nf3 Nxf3+ 8. Qxf3 Qe7 9. O-O d6 10. Nc3 Qc7
11. Bf4 Nf6 12. Rfe1 Be6 13. Bxe6 fxe6 14. e5 Nd7 15. exd6 Bxd6 16. Rxe6+
1-0

[Event "A test for fast phill"]
[Site "SchemingMind.com"]
[Date "2012.06.22"]
[Round "-"]
[White "Apatchenlama"]
[Black "lennart"]
[Result "1-0"]
[WhiteCountry "GER"]
[BlackCountry "SWE"]
[WhiteElo "1906"]
[WhiteRD "124"]
[BlackElo "1501"]
[BlackRD "53"]
[GameID "312557"]

1. Nf3 d5 2. d4 Nc6 3. c4 dxc4 4. e4 e6 5. Bxc4 Nf6 6. Bg5 h6 7. Bxf6 gxf6 8. a3 Bd7 9. Nc3 a6 10. d5 Ne5
11. Nxe5 fxe5 12. dxe6 fxe6 13. Qh5+ Ke7 14. Qxe5 Rg8 15. Nd5+
1-0

[Event "A test for fast phill"]
[Site "SchemingMind.com"]
[Date "2012.06.25"]
[Round "-"]
[White "emvarela"]
[Black "lennart"]
[Result "0-1"]
[WhiteCountry "ARG"]
[BlackCountry "SWE"]
[WhiteElo "1717"]
[WhiteRD "50"]
[BlackElo "1502"]
[BlackRD "54"]
[GameID "312558"]

1. e4 e5 2. Nf3 d6 3. d4 exd4 4. Nxd4 Nf6 5. Nc3 a6 6. Be2 c5 7. Nf5 Bxf5 8. exf5 Nc6 9. O-O Be7 10. f4 Qd7
11. Bd3 Nd4 12. Re1 O-O 13. Be3 Nxf5 14. Bxf5 Qxf5 15. Qd3 Qxd3 16. cxd3 Bd8 17. Ne4 Nxe4 18. dxe4 Ba5 19. Red1 Bc7 20. Rd5 f6
21. Rad1 Rfe8 22. e5 fxe5 23. fxe5 Rxe5 24. Rxe5 dxe5 25. Bxc5 b6 26. Be3 Rd8 27. Rc1 Rd7 28. Rc6 h6 29. Bxb6 Bd6 30. Ba5 Kh7
31. Rxa6 e4 32. Be1 e3 33. g3 Bc5 34. Kf1 Bd4 35. b3 Rc7 36. Rd6 Ba7 37. Rd3 Rc2 38. a4 Rxh2 39. Kg1 Rb2 40. Rd7 Bb6
41. Kf1 Rxb3 42. a5 Bc5 43. Rc7 Bb4 44. Bxb4 Rxb4 45. Ke2 Ra4 46. Ra7 Ra3 47. a6 h5 48. Ra8 Kh6 49. a7 Kg6 50. Rd8 Rxa7
51. Kxe3 Rf7 52. Rd6+ Rf6 53. Rd4 Kh6 54. Rd5 Kg6 55. Rd4 Kg5 56. Rd7 g6
0-1

[Event "A test for fast phill"]
[Site "SchemingMind.com"]
[Date "2012.06.21"]
[Round "-"]
[White "Phillip Beckett"]
[Black "lennart"]
[Result "1-0"]
[WhiteCountry "ENG"]
[BlackCountry "SWE"]
[WhiteElo "1640"]
[WhiteRD "50"]
[BlackElo "1501"]
[BlackRD "53"]
[GameID "312559"]

1. e4 e5 2. Nf3 Nf6 3. Nxe5 Nxe4 4. Qe2 Nxf2 5. Nc6+ Be7 6. Nxd8 Kxd8 7. Kxf2 Nc6 8. c3 d6 9. d4 Bf5 10. Be3 Kd7
11. Nd2 Rae8 12. Qf3 g6 13. Bb5 a6 14. Ba4 b5 15. Bb3 h5 16. Rhf1 Bd8 17. Kg1 Rh7 18. Rae1 Be7 19. h3 a5 20. Ne4 a4
21. Bd1 Ra8 22. Ng5 Rhh8 23. Nxf7 Rhf8 24. Ne5+ dxe5 25. Qd5+ Bd6 26. dxe5 Nxe5 27. Qxb5+ Ke7 28. Bf4
1-0

[Event "A test for fast phill"]
[Site "SchemingMind.com"]
[Date "2012.06.21"]
[Round "-"]
[White "michalis"]
[Black "lennart"]
[Result "1-0"]
[WhiteCountry "GRE"]
[BlackCountry "SWE"]
[WhiteElo "2036"]
[WhiteRD "101"]
[BlackElo "1501"]
[BlackRD "53"]
[GameID "312560"]

1. d4 d5 2. c4 dxc4 3. e3 Be6 4. Nc3 a6 5. d5 Bf5 6. Bxc4 b5 7. Be2 Nf6 8. Nf3 Nbd7 9. O-O h6 10. Nd4 Bg6
11. f4 b4 12. Nc6 Qc8 13. Nxb4 e6 14. Nc6 exd5 15. f5 Bh7 16. Nxd5 Qb7 17. Bf3 Bd6 18. Nxf6+ Nxf6 19. Nd4 Ne4 20. Qa4+ Kf8
21. Bxe4
1-0

[Event "A test for fast phill"]
[Site "SchemingMind.com"]
[Date "2012.06.21"]
[Round "-"]
[White "kibic"]
[Black "lennart"]
[Result "1-0"]
[WhiteCountry "INT"]
[BlackCountry "SWE"]
[WhiteElo "2069"]
[WhiteRD "88"]
[BlackElo "1558"]
[BlackRD "54"]
[GameID "312561"]

1. d4 d5 2. Nf3 Nc6 3. Nc3 e6 4. e4 dxe4 5. Nxe4 h6 6. c3 b6 7. Bb5 Bd7 8. Qe2 Nf6 9. Nxf6+ gxf6 10. d5 Ne7
11. dxe6 fxe6 12. Ne5 Nc6 13. Qh5+ Ke7 14. Qf7+ Kd6 15. Nxd7 Qxd7 16. Bf4+ e5 17. O-O-O+
1-0

[Event "A test for fast phill"]
[Site "SchemingMind.com"]
[Date "2012.06.26"]
[Round "-"]
[White "kubinet"]
[Black "lennart"]
[Result "0-1"]
[WhiteCountry "GER"]
[BlackCountry "SWE"]
[WhiteElo "1682"]
[WhiteRD "59"]
[BlackElo "1511"]
[BlackRD "56"]
[GameID "312563"]

1. e4 e5 2. Nf3 Nc6 3. Bb5 Nce7 4. O-O Ng6 5. d4 f6 6. Nc3 a6 7. Ba4 b5 8. Bb3 Bb7 9. Re1 Qe7 10. dxe5 fxe5
11. Nd5 Qd6 12. Ng5 Nh6 13. Qh5 O-O-O 14. Be3 c6 15. Nc3 Qc7 16. a4 b4 17. Nb1 Be7 18. Nd2 Rdf8 19. Nc4 a5 20. Bb6 Qb8
21. Bxa5 Bc5 22. Bb6 Bxf2+ 23. Bxf2 Nf4 24. Qd1 Rf6 25. Nf3 Ng4 26. Bc5 d5 27. exd5 Nxd5 28. h3 e4 29. hxg4 exf3 30. gxf3 Qg3+
31. Kf1 Rxf3+
0-1